Ranking Formula 1 2018 - Statistics

General Stats
  • This quiz has been taken 97 times
  • The average score is 19 of 20
Answer Stats
Rank Driver Team Points Country % Correct
13 Charles Leclerc Sauber 39 Monaco
100%
11 Fernando Alonso McLaren 50 Spain
99%
1 Lewis Hamilton Mercedes 408 UK
99%
4 Max Verstappen Red Bull 249 Netherlands
99%
8 Sergio Perez Force India/ Racing Point 62 Mexico
99%
10 Carlos Sainz Jr Renault 53 Spain
97%
6 Daniel Ricciardo Red Bull 170 Australia
97%
9 Kevin Magnussen Haas 56 Denmark
97%
3 Kimi Raikkonen Ferrari 251 Finland
97%
18 Lance Stroll Williams 6 Canada
97%
7 Nico Hulkenberg Renault 69 Germany
97%
2 Sebastian Vettel Ferrari 320 Germany
97%
12 Esteban Ocon Force India/ Racing Point 49 France
96%
15 Pierre Gasly Toro Rosso 29 France
96%
14 Romain Grosjean Haas 37 France
96%
5 Valtteri Bottas Mercedes 247 Finland
96%
17 Marcus Ericsson Sauber 9 Sweden
88%
16 Stoffel Vandoorne McLaren 12 Belgium
81%
19 Brendon Hartley Toro Rosso 4 New Zealand
75%
20 Sergej Sirotkin Williams 1 Russia
66%
No matching quizzes found
Score Distribution
Percent of People with Each Score
Percentile by Number Answered
Your Score History
You have not taken this quiz